The poetry is in the pity.

Saved in:
Bibliographic Details
Main Author: Davidson, Mildred
Format: Book
Language:English
Published: London, Chatto and Windus, 1972.
Subjects:
LEADER 00937nam a22002651 4500
001 c000337198
003 CARM
005 00000000000000.0
008 820427s1972 enk b 00000 eng
015 |a B72-16170 
019 1 |a 23905939  |z 2236190  |z 45089681  |5 LACONCORD2021 
020 |a 0701117532 
035 |a (OCoLC)485900  |5 LACONCORD2021 
050 0 0 |a PR605.W3  |b D3 
100 1 |a Davidson, Mildred. 
245 1 4 |a The poetry is in the pity. 
260 |a London,  |b Chatto and Windus,  |c 1972. 
300 |a 160 p.  |c 21 cm. 
504 |a Includes bibliographical references. 
650 0 |a English poetry  |y 20th century  |x History and criticism. 
650 0 |a War in literature. 
852 8 |b CARM  |h A1:AL33A0  |i A05362  |p 0465416  |f BK 
082 0 4 |a 821/.9/12093 
999 f f |i 9abe1e00-5589-5c2d-8bf9-4e9154589874  |s d8284ab9-5a32-5c6f-a526-97b17e9d479a 
952 f f |p Can circulate  |a CAVAL  |b CAVAL  |c CAVAL  |d CARM 1 Store  |e A05362  |f A1:AL33A0  |h Other scheme  |i book  |m 0465416